Management

Gespeichert in:
Bibliographische Detailangaben
1. Verfasser: Robbins, Stephen P.
Weitere Verfasser: Coulter, Mary, Šafaříková, Vlasta
Format: Buch
Sprache:Tschechisch
Veröffentlicht: Praha Grada Publishing 2004
Schriftenreihe:Profesionál
Schlagworte:
Tags: Tag hinzufügen
Keine Tags, Fügen Sie das erste Tag hinzu!

MARC

LEADER 00000nam$a2200000$$$4500
001 0019457
005 20240306141503.6
020 |a 80-247-0495-1 
041 0 |a cze 
044 |a CZ 
245 1 0 |a Management  |c Stephen P. Robbins, Mary Coulter ; přeložila Vlasta Šafaříková 
264 1 |a Praha  |b Grada Publishing  |c 2004 
300 |a 600 s. 
490 1 |a Profesionál 
830 0 |a Profesionál 
610 2 0 |a manažment 
610 2 0 |a riadenie 
610 2 0 |a manažéri 
610 2 0 |a kultúra podniková 
610 2 0 |a globalizácia hospodárstva 
610 2 0 |a etika manažérska 
610 2 0 |a plánovanie 
610 2 0 |a manažment strategický 
610 2 0 |a štruktúra organizačná 
610 2 0 |a štruktúra podniku organizačná 
610 2 0 |a projektovanie 
610 2 0 |a komunikácia manažérska 
610 2 0 |a technológie informačné 
610 2 0 |a riadenie ľudských zdrojov 
610 2 0 |a riadenie zmien 
610 2 0 |a osobnosť 
610 2 0 |a motivácia pracovná 
610 2 0 |a tímy pracovné 
610 2 0 |a kontroling 
610 2 0 |a riadenie operatívne 
610 2 0 |a výkonnosť 
100 1 |a Robbins, Stephen P. 
700 1 |a Coulter, Mary 
700 1 |a Šafaříková, Vlasta